| 000 | 007930000a22001210004500 | ||
|---|---|---|---|
| 100 | 1 | _aAnderson, Kevin. | |
| 245 | 1 | 0 | _aThe whole church: statement of the lausanne theology working group. |
| 300 | _aVo.34, no.1 (jun., 2010),p.4-13 | ||
| 520 | _aEl punto de partida para nuestra eclesiología debe ser el mismo que para la teología de la misión y para nuestra comprensión del mundo. La Misión, la iglesia y el mundo pertenecen a Dios. El concepto de missio Dei nos recuerda nuestra misión y los flujos de la misión de Dios. Del mismo modo, el concepto de eclessia dei nos recuerda que la iglesia deriva su identidad y el propósito del Dios que nos llamó y nos creó como pueblo para sí mismo. | ||
| 650 | 1 | 4 | _aMISION-TEOLOGÍA |
| 773 | 0 | _tEvangelical Review of Theology | |
| 942 | _cANA | ||
| 999 |
_c63055 _d63055 |
||